Revisão taxonômica das espécies de Mimosa ser. Leiocarpae sensu lato (Leguminosae - Mimosoideae) (Registro n. 330241)
[ somente texto ]
| 000 -LÍDER | |
|---|---|
| fixed length control field | 02905nab a2200253 i 4500 |
| 003 - CÓDIGO MARC DA AGÊNCIA CATALOGADORA | |
| Campo de controle | BR-BrBNA |
| 005 - DATA E HORA DA ÚLTIMA ATUALIZAÇÃO | |
| Campo de controle | 20250306151602.0 |
| 008 - CAMPO DE TAMANHO FIXO | |
| fixed length control field | 250306b2015 bl.qr|pooa||| 00| 0 por | |
| 040 ## - FONTE DA CATALOGAÇÃO | |
| Agência catalogadora | BR-BrBNA |
| Idioma da catalogação | por |
| 072 ## - CATEGORIA AGRIS | |
| Código AGRIS | F70 |
| 100 ## - ENTRADA PRINCIPAL - NOME PESSOAL | |
| Nome pessoal | Santos-Silva, Juliana |
| 100 ## - ENTRADA PRINCIPAL - NOME PESSOAL | |
| Nome pessoal | Simon, Marcelo Fragomeni |
| 100 ## - ENTRADA PRINCIPAL - NOME PESSOAL | |
| Nome pessoal | Tozzi, Ana Maria Goulart de Azevedo |
| 245 ## - TÍTULO PRINCIPAL | |
| Título principal | Revisão taxonômica das espécies de Mimosa ser. Leiocarpae sensu lato (Leguminosae - Mimosoideae) |
| 500 ## - NOTA GERAL | |
| Nota geral | Publicação on-line; 40 ref.; 18 illus.; Summaries (En, Pt) |
| 942 ## - ADDED ENTRY ELEMENTS (KOHA) | |
| Koha item type | Analítica |
| 520 ## - NOTA DE RESUMO | |
| Nota de conteúdo | <br/><br/>Resumo<br/><br/>Mimosa ser. Leiocarpae, com 31 espécies distribuídas predominantemente em ambientes semiáridos da<br/>América do Sul, é a maior série de M. sect. Batocaulon. Muitas das suas espécies são mal definidas, o<br/>que é agravado pela ausência de ilustrações para maioria delas e a escassez de coleta de alguns táxons.<br/>Apresentamos a revisão taxonômica das espécies de M. ser. Leiocarpae, incluindo descrição, reavaliação<br/>nomenclatural e tipificação, delimitação dos táxons, chave de identificação e ilustrações. Foram propostas 11<br/>novas sinonimizações, sete lectotipificação e um novo status, resultando na diminuição do número de espécies<br/>de 31 para 28. Além disso, foram complementadas as descrições originais de três espécies e registradas três<br/>novas ocorrências, sendo uma para o Brasil, uma para a Bolívia e uma para o Paraguai.<br/><br/>Palavras-chave: jurema, lectotipificação, Mimosa sect. Batocaulon, táxon infragenérico, taxonomia.<br/><br/><br/><br/><br/>Abstract<br/><br/>Mimosa ser. Leiocarpae, with c. 31 species found primarily in semi-arid habitats in South America, is the<br/>most speciose series of M. sect. Batocaulon. Many of the species are poorly defined, which is aggravated by<br/>the lack of illustrations for most species and the scarcity of collection of some taxa. We present a taxonomic<br/>revision of the species of M. ser. Leiocarpae, including species descriptions, a re-evaluation of nomenclature<br/>and typification, delimitations of taxa, a key to the species, and illustrations. We propose eleven synonymies,<br/>seven lectotypifications, and one new status, resulting in fewer species, a change from 31 to 28. Furthermore,<br/>we provide supplement additional material for three previous descriptions and three new geographic records,<br/>one for Brazil, one for Bolivia and one for Paraguay.<br/><br/>Key words: jurema, lectotypification, Mimosa sect. Batocaulon, infrageneric taxa, taxonomy. |
| 650 ## - ASSUNTO - THESAGRO | |
| Cabeçalho tópico ou nome geográfico | JUREMA PRETA |
| 650 ## - ASSUNTO - THESAGRO | |
| Cabeçalho tópico ou nome geográfico | MIMOSA |
| 650 ## - ASSUNTO - THESAGRO | |
| Cabeçalho tópico ou nome geográfico | TAXONOMIA |
| 773 0# - ENTRADA ANALÍTICA | |
| Host Biblionumber | 709 |
| Registro do item | 348886 |
| Imprenta | Rio de Janeiro-RJ Jardim Botanico do Rio de Janeiro 1935 |
| Outro identificador | 2025-1382 |
| Título | Rodriguésia (Brazil) |
| ISSN | 0370-6583; 2175-7860 on-line |
| Colação | v. 66(1) p. 095-154; (2015) |
| Número de controle de registro | BR2024004987 |
| 856 ## - ACESSO E ENDEREÇO ELETRÔNICO | |
| Identificador uniforme de recurso - URI | https://www.scielo.br/j/rod/a/LvgTS6C8LGF9rkm4zjvk35f/?format=pdf&lang=pt |
Nenhum exemplar disponível.

BINAGRI